Kapitolky z dejín literatúry zborník zo seminára

Bibliographic Details
Format: Book
Language:Slovak
PhysicalDescription:1 zv. ( rozličné stránkovanie) 22 cm
Published: Bratislava [Bratislava] PERFECT Akadémia vzdelávania [1990]
Edition:[1. vyd.]
Subjects:

MARC

LEADER 00000cam a2200000 a 4500
001 vtls008838729
003 SK-MaSNL
005 20260301205641.0
008 240509s1990 xo gr 100 0 slo
020 |q (voľné listy) 
040 |a SNK  |b slo  |c SNK  |e AACR2 
041 0 |a slo 
044 |a xo  |c SK 
072 7 |a 821.162.4.09  |x Slovenská literatúra (o nej)  |2 konspekt 
080 |a 821.162.4  |2 2011 
080 |a 82:93/94  |2 2011 
080 |a (082)  |2 2011 
080 |a (048.8)  |2 2011 
245 0 0 |a Kapitolky z dejín literatúry  |b zborník zo seminára  |c kolektív autorov 
250 |a [1. vyd.] 
260 |a Bratislava  |b PERFECT  |a [Bratislava]  |b Akadémia vzdelávania  |c [1990] 
300 |a 1 zv. ( rozličné stránkovanie)  |c 22 cm 
366 |e 500 výtl. 
500 |a V prebale 
648 7 |a 20. storočie  |2 SNKPH  |9 278343 
650 0 7 |a slovenská literatúra  |2 SNKPH  |9 1115 
650 0 7 |a literatúra a dejiny  |2 SNKPH  |9 94209 
650 0 7 |a Slovak literature  |2 SNKPHeng  |9 265073 
650 0 7 |a Literature and history  |2 SNKPHeng  |9 312895 
655 7 |a zborníky  |2 SNKPH  |9 70165 
655 7 |a štúdie  |2 SNKPH  |9 57033 
655 7 |a Studies  |2 SNKPHeng  |9 265573 
655 7 |a Miscellanea  |2 SNKPHeng  |9 265155 
954 |a odborná, vedecká literatúra pôvodná (slovenská)  |2 lita 
958 |a EUIPO 
958 |a OND 
999 |c 910962  |d 912892 
952 |a SNK  |b SNK  |y PREZ  |7 0  |p 17A0509018  |o snkSC 124540  |i snk2006/16071  |8 1  |0 0  |1 0  |4 0  |d 2006-08-15  |f 1  |l 0  |r 2025-06-06 00:00:00  |w 2026-02-24 
952 |a SNK  |b SNK  |y PREZ  |7 0  |p 17A0810445  |o snkSC 124540 D1  |i snk2014/17472  |8 1  |3 Obsahuje 7 ks  |0 0  |1 0  |4 0  |d 2014-08-21  |l 0  |r 2026-02-24 07:42:57  |w 2026-02-24